[Event "Asian Schools-ch U17 11th"]
[Site "Singapore"]
[Date "2015.06.02"]
[Round "4.4"]
[White "Gong, Patrick"]
[Black "Yang, Ching Wei Austin"]
[Result "0-1"]
[WhiteElo "1959"]
[BlackElo "1990"]
[PlyCount "102"]
[EventDate "2015.05.31"]
[EventType "swiss"]
[EventRounds "7"]
[EventCountry "SIN"]
[SourceTitle "EXT 2024"]
[Source "ChessBase"]
[SourceDate "2023.10.10"]
[SourceVersion "1"]
[SourceVersionDate "2023.10.10"]
[SourceQuality "1"]

1. e4 c5 2. c3 d5 3. exd5 Qxd5 4. d4 Nc6 5. Nf3 Bf5 6. Be3 cxd4 7. cxd4 Bxb1 8. Qxb1 e5 9. dxe5 Bb4+ 10. Bd2 Bxd2+ 11. Nxd2 0-0-0 12. Nc4 Nh6 13. Qc2 Nb4 14. Qc3 Qe4+ 15. Be2 Qxg2 16. Bf3 Nd3+ 17. Qxd3 Qxh1+ 18. Bxh1 Rxd3 19. Nd6+ Kd7 20. Rc1 b6 21. Be4 Rxd6 22. exd6 Re8 23. f3 f5 24. Rc7+ Kxd6 25. Rxg7 fxe4 26. Rxh7 Nf5 27. fxe4 Rxe4+ 28. Kd2 a5 29. Rf7 Ke6 30. Rb7 Rb4 31. b3 Nd6 32. Rb8 Kd5 33. Kc3 Kc5 34. Rh8 Rd4 35. Rh5+ Rd5 36. Rh4 Nb5+ 37. Kc2 Rd4 38. Rh6 Rf4 39. Rh5+ Kb4 40. Kd3 Nc3 41. Ke3 Re4+ 42. Kd3 Rg4 43. Rh6 b5 44. h4 Nxa2 45. h5 Nc1+ 46. Ke3 Kxb3 47. Kf3 Rg5 48. Kf4 Rc5 49. Kg4 a4 50. Rf6 Rxh5 51. Kxh5 a3 0-1

[Event "Wch U16"]
[Site "Durban"]
[Date "2014.09.26"]
[Round "8"]
[White "Rakotomaharo, Fy Antenaina"]
[Black "Yang, Ching Wei Austin"]
[Result "1-0"]
[WhiteElo "2286"]
[BlackElo "1941"]
[PlyCount "83"]
[EventDate "2014.09.20"]
[EventType "swiss"]
[EventRounds "11"]
[EventCountry "RSA"]
[SourceTitle "CBM 162 Extra"]
[Source "ChessBase"]
[SourceDate "2014.10.17"]
[SourceVersion "1"]
[SourceVersionDate "2014.10.17"]
[SourceQuality "1"]

1. d4 Nf6 2. c4 g6 3. Nc3 d5 4. Nf3 Bg7 5. cxd5 Nxd5 6. e4 Nxc3 7. bxc3 c5 8. Be3 0-0 9. Qd2 Nc6 10. Rb1 Bg4 11. d5 Bxf3 12. gxf3 Ne5 13. Be2 b6 14. f4 Nd7 15. h4 Nf6 16. Bf3 Qd7 17. e5 Qf5 18. Qd1 Ne4 19. Rc1 Bxe5 20. fxe5 Qxe5 21. Qd3 f5 22. c4 Nd6 23. Kf1 Rad8 24. Re1 Ne4 25. Bh6 Rf7 26. Bxe4 fxe4 27. Qxe4 Qh5 28. Be3 Rdf8 29. Rg1 Qf3 30. Qxf3 Rxf3 31. h5 Kg7 32. Ke2 Rh3 33. hxg6 hxg6 34. Rg4 Rf6 35. a4 Rh2 36. a5 Kf7 37. Rb1 Rh5 38. Rb5 Rh2 39. Rg1 Rh4 40. axb6 axb6 41. Kd3 Rh8 42. Rgb1 1-0

[Event "Wch U16"]
[Site "Durban"]
[Date "2014.09.23"]
[Round "5"]
[White "Kaczur, Florian"]
[Black "Yang, Ching Wei Austin"]
[Result "1-0"]
[WhiteElo "2278"]
[BlackElo "1941"]
[PlyCount "71"]
[EventDate "2014.09.20"]
[EventType "swiss"]
[EventRounds "11"]
[EventCountry "RSA"]
[SourceTitle "CBM 162 Extra"]
[Source "ChessBase"]
[SourceDate "2014.10.17"]
[SourceVersion "1"]
[SourceVersionDate "2014.10.17"]
[SourceQuality "1"]

1. e4 e5 2. Nf3 Nc6 3. Bb5 a6 4. Ba4 Nf6 5. 0-0 Be7 6. d3 b5 7. Bb3 d6 8. Nc3 Be6 9. Nd5 Bxd5 10. Bxd5 Nxd5 11. exd5 Nb8 12. d4 e4 13. Nd2 f5 14. a4 b4 15. Nc4 Nd7 16. f3 0-0 17. fxe4 fxe4 18. Bd2 a5 19. Qg4 Rxf1+ 20. Rxf1 Nf6 21. Qe6+ Kh8 22. c3 b3 23. Ne3 Qe8 24. c4 Bf8 25. Qxe8 Rxe8 26. Ra1 Ra8 27. Ra3 Nd7 28. Rxb3 Nb6 29. Rb5 Be7 30. b3 Rf8 31. Rxa5 Bh4 32. Nd1 h5 33. Ra7 Rf7 34. a5 Bf6 35. axb6 Bxd4+ 36. Be3 1-0